|
|
|
|
| LEADER |
00784ncm a22002172a 4500 |
| 001 |
001243202 |
| 003 |
CZ BrMZK |
| 005 |
20131017133035.0 |
| 007 |
qu |
| 008 |
101029s1912 fr |||||||||||||||||zxx d |
| 040 |
|
|
|a BOA001
|b cze
|
| 072 |
|
7 |
|a 786
|x Hudba pro klávesové nástroje
|2 Konspekt
|9 9
|
| 100 |
1 |
|
|a Dukas, Paul,
|d 1865-1935
|7 jn19990001904
|4 cmp
|
| 245 |
1 |
3 |
|a La Péri
|h [hudebnina] :
|b poeme dansé /
|c Paul Dukas ; transc. de concert pour deux pianos à 4 mains par Gustava Samazeuilh
|
| 260 |
|
|
|a Paris :
|b Durand,
|c 1912
|
| 300 |
|
|
|a 45, 45 s.
|
| 700 |
1 |
|
|a Samazeuilh, Gustave,
|d 1877-1967
|7 mzk2013788884
|4 arr
|
| 910 |
|
|
|a BOA001
|b Mus4-0580.746
|
| 990 |
|
|
|a MU
|
| 991 |
|
|
|b 201208
|
| 996 |
6 |
|
|b 2619097335
|c Mus4-0580.746
|l MZK
|r Sklad / do 1 hodiny
|n 0
|w 001277189
|u 000010
|a 1
|e BOA001
|j MZK50
|s P
|